Vývoj platobnej bilancie v roku 2008

Vývoj na bežnom účte platobnej bilancie. Vývoj vývozu a dovozu za rok 2008. Zahraničná zadlženosť SR k 31. decembru 2008.

Salvato in:
Dettagli Bibliografici
Autore principale: Furka, Marián
Altri autori: Kyjac, Pavol
Natura: Capitolo di libro
Lingua:slovacco
Soggetti:
Tags: Aggiungi Tag
Nessun Tag, puoi essere il primo ad aggiungerne!!

MARC

LEADER 00000naa$a2200000$$$4500
001 0093965
005 20231116085310.6
041 0 |a slo 
044 |a SK 
245 1 0 |a Vývoj platobnej bilancie v roku 2008  |c Marián Furka, Pavol Kyjac 
520 |a Vývoj na bežnom účte platobnej bilancie. Vývoj vývozu a dovozu za rok 2008. Zahraničná zadlženosť SR k 31. decembru 2008. 
610 2 0 |a bilancia platobná 
610 2 0 |a Slovensko 
610 2 0 |a vývoz 
610 2 0 |a dovoz 
610 2 0 |a zadlženosť 
610 2 0 |a inflácia 
100 1 |a Furka, Marián 
700 1 |a Kyjac, Pavol